00618nam a2200205Ia 450000500170000000800410001702000180005804100120007608200160008810000200010424501180012425000120024226000360025430000200029065000170031065000250032765000190035265000210037170000200039220260429112014.0260429s9999||||xx |||||||||||||| ||und|| a9781032182025 aEnglish a333.79bBHU aBhukta, Anindya 0aEconomics of the energy crisis : benvironment, policy and security in the Indian subcontinent / cAnindya Bhukta a1st ed. aNew Delhi : bRoutledge,c2026. axvi, 248 p.; hb a Environment a Indian subcontinent a Public policy aEnergy economics a Hazra, Somnath